[Event "Hanoi HD Bank op-B 8th"]
[Site "Hanoi"]
[Date "2018.03.11"]
[Round "3"]
[White "Hanumantha, R."]
[Black "Nguyen, Duc Gia Bach"]
[Result "0-1"]
[WhiteElo "1722"]
[BlackElo "1142"]
[PlyCount "64"]
[EventDate "2018.03.10"]
[EventType "swiss"]
[EventRounds "9"]
[EventCountry "VIE"]
[SourceTitle "CBM 183 Extra"]
[Source "ChessBase"]
[SourceDate "2018.04.19"]
[SourceVersion "1"]
[SourceVersionDate "2018.04.19"]
[SourceQuality "1"]

1. e4 c5 2. d4 cxd4 3. c3 dxc3 4. Nxc3 Nc6 5. Nf3 d6 6. Bc4 e6 7. 0-0 Nf6 8. Qe2 Be7 9. Rd1 0-0 10. e5 Ne8 11. exd6 Nxd6 12. Bf4 e5 13. Nxe5 Nxe5 14. Bxe5 Qc7 15. Bb3 Qc5 16. Na4 Qb4 17. Rd4 Qb5 18. Qe1 Nf5 19. Rd5 Qc6 20. Rc1 Qg6 21. Rd3 b5 22. Nc3 Bb7 23. Bg3 Rfe8 24. Nd5 Bg5 25. Qd1 Bxc1 26. Qxc1 Qc6 27. Rc3 Qe6 28. Ne3 Qe4 29. Bc2 Nxg3 30. Bxe4 Ne2+ 31. Kf1 Nxc1 32. Rxc1 Bxe4 0-1